[Event "Manizales Feria op 29th"]
[Site "Manizales"]
[Date "2024.01.05"]
[Round "1"]
[White "Diaz Alzate, Thomas"]
[Black "Vargas, Mauricio"]
[Result "0-1"]
[WhiteElo "1397"]
[BlackElo "1958"]
[PlyCount "88"]
[EventDate "2024.01.05"]
[EventType "swiss"]
[EventRounds "7"]
[EventCountry "COL"]
[SourceTitle "CB02_2024"]
[SourceDate "2024.01.10"]
[SourceVersion "1"]
[SourceVersionDate "2024.01.10"]
[SourceQuality "1"]

1. e4 c5 2. Nf3 Nc6 3. Nc3 g6 4. d4 cxd4 5. Nxd4 Bg7 6. Be3 Nf6 7. h3 0-0 8. Bc4 d6 9. 0-0 Bd7 10. Nf3 a6 11. Qd2 b5 12. Bd5 b4 13. Ne2 Rb8 14. Bf4 Na5 15. Rad1 e6 16. Bxd6 exd5 17. Bxb8 Qxb8 18. e5 Nc4 19. Qd4 Nh5 20. g4 Nxe5 21. Nxe5 Bxe5 22. Qxd5 Be6 23. Qd3 Nf4 24. Nxf4 Bxf4 25. Qxa6 Be5 26. b3 Bc8 27. Qc4 Be6 28. Qe4 g5 29. Rde1 Bf4 30. Rd1 Bc8 31. f3 Ba6 32. Rfe1 Bb7 33. Qe2 Bg3 34. Rf1 Qa7+ 35. Kg2 Ba6 36. Qd2 Bf4 37. Qxb4 Bxf1+ 38. Kxf1 Qxa2 39. c4 Re8 40. Re1 Rxe1+ 41. Kxe1 Qb1+ 42. Ke2 Qc2+ 43. Ke1 Bg3+ 44. Kf1 Qf2# 0-1

[Event "Manizales op 27th"]
[Site "Manizales"]
[Date "2022.01.10"]
[Round "8"]
[White "Machado Herrera, Carlos Enrique"]
[Black "Diaz Alzate, Thomas"]
[Result "1-0"]
[WhiteElo "1542"]
[BlackElo "1469"]
[PlyCount "59"]
[EventDate "2022.01.06"]
[EventType "swiss"]
[EventRounds "8"]
[EventCountry "COL"]
[SourceTitle "CBM 206 Extra"]
[Source "ChessBase"]
[SourceDate "2022.03.31"]
[SourceVersion "1"]
[SourceVersionDate "2022.03.31"]
[SourceQuality "1"]

1. d4 Nf6 2. c4 g6 3. Nc3 Bg7 4. Nf3 0-0 5. Bg5 d6 6. e3 Nc6 7. a3 Bg4 8. Be2 h6 9. Bxf6 Bxf6 10. 0-0 e5 11. d5 Ne7 12. Nd2 Bxe2 13. Qxe2 c6 14. Nde4 Nf5 15. dxc6 bxc6 16. Rfd1 Re8 17. c5 d5 18. Qa6 Qe7 19. Nxd5 cxd5 20. Nxf6+ Kf8 21. Nxe8 Rxe8 22. Rxd5 Rb8 23. b4 Nh4 24. Qd6 Re8 25. Rad1 Nf5 26. Qxe7+ Rxe7 27. Rd8+ Kg7 28. c6 Rc7 29. b5 Kf6 30. R8d7 1-0

[Event "Manizales op 27th"]
[Site "Manizales"]
[Date "2022.01.09"]
[Round "7"]
[White "Diaz Alzate, Thomas"]
[Black "Velasquez Soto, Jair Andres"]
[Result "0-1"]
[WhiteElo "1469"]
[BlackElo "1616"]
[PlyCount "29"]
[EventDate "2022.01.06"]
[EventType "swiss"]
[EventRounds "8"]
[EventCountry "COL"]
[SourceTitle "CBM 206 Extra"]
[Source "ChessBase"]
[SourceDate "2022.03.31"]
[SourceVersion "1"]
[SourceVersionDate "2022.03.31"]
[SourceQuality "1"]

1. e4 Nc6 2. Nf3 e6 3. d4 d6 4. Nc3 Nf6 5. Be3 g6 6. Bg5 h6 7. Bh4 g5 8. Bg3 Bg7 9. Bb5 Bd7 10. e5 Nh5 11. exd6 Nxg3 12. dxc7 Qxc7 13. hxg3 0-0-0 14. Qd2 g4 15. Nh4 0-1

[Event "Manizales op 27th"]
[Site "Manizales"]
[Date "2022.01.06"]
[Round "1"]
[White "Diaz Alzate, Thomas"]
[Black "Coca Cubillos, Jesus Alberto"]
[Result "0-1"]
[WhiteElo "1469"]
[BlackElo "1958"]
[PlyCount "98"]
[EventDate "2022.01.06"]
[EventType "swiss"]
[EventRounds "8"]
[EventCountry "COL"]
[SourceTitle "CBM 206 Extra"]
[Source "ChessBase"]
[SourceDate "2022.03.31"]
[SourceVersion "1"]
[SourceVersionDate "2022.03.31"]
[SourceQuality "1"]

1. e4 Nf6 2. Nc3 d5 3. Nf3 Nxe4 4. Nxe4 dxe4 5. Ng5 Qd5 6. d3 exd3 7. Qxd3 Qxd3 8. Bxd3 h6 9. Nf3 Nc6 10. Bb5 Bd7 11. Bf4 0-0-0 12. 0-0-0 f6 13. Rhe1 e5 14. Be3 a6 15. Bxc6 Bxc6 16. Rxd8+ Kxd8 17. Rd1+ Bd6 18. Nh4 Be4 19. Bc5 Ke7 20. f3 Bh7 21. Bxd6+ cxd6 22. g4 Rc8 23. Nf5+ Bxf5 24. gxf5 Rc4 25. Rg1 Kf7 26. Rg4 Rxg4 27. fxg4 d5 28. Kd2 g6 29. b3 h5 30. h3 hxg4 31. hxg4 gxf5 32. gxf5 Ke7 33. c4 Kd6 34. a3 Kc5 35. cxd5 Kxd5 36. Ke3 Kc5 37. Kd3 b5 38. b4+ Kd5 39. Ke3 e4 40. Kd2 Ke5 41. Kc3 Kxf5 42. Kd2 Kf4 43. Ke2 e3 44. Ke1 Kf3 45. Kf1 f5 46. Ke1 f4 47. a4 bxa4 48. b5 axb5 49. Kf1 b4 0-1

[Event "Manizales Las Americas op-C"]
[Site "Manizales"]
[Date "2021.10.17"]
[Round "7"]
[White "Diaz Alzate, Thomas"]
[Black "Cuervo, Cesar Augusto"]
[Result "0-1"]
[WhiteElo "1332"]
[BlackElo "1638"]
[PlyCount "46"]
[EventDate "2021.10.14"]
[EventType "swiss"]
[EventRounds "9"]
[EventCountry "COL"]
[SourceTitle "EXT 2023"]
[Source "ChessBase"]
[SourceDate "2022.10.05"]
[SourceVersion "1"]
[SourceVersionDate "2022.10.05"]
[SourceQuality "1"]

1. e4 c5 2. Nf3 d6 3. d4 cxd4 4. Nxd4 Nf6 5. Nc3 a6 6. Bg5 Nbd7 7. Nf3 Qc7 8. Nd5 Nxd5 9. Qxd5 Nf6 10. Bxf6 exf6 11. 0-0-0 Be6 12. Qd3 Rc8 13. Nd4 Be7 14. Be2 0-0 15. Nxe6 fxe6 16. Bg4 Qd7 17. Rhe1 f5 18. exf5 exf5 19. Bf3 Rcd8 20. Qb3+ Kh8 21. Qxb7 Qa4 22. Qc6 Qb4 23. Qxa6 Rde8 0-1